Music Quiz

Random Music Quiz

One Direction Lyrics V Quiz Stats

 Plays Quiz not verified by Sporcle

Also try: 'Madonna' Songs
Challenge
Share
Tweet
Embed
Score 0/298 Timer 07:00
0 Plays Today
% Correct
I
98.4%
I
98.4%
I
98.4%
I
98.4%
I
98.4%
I
98.4%
I
98.4%
I
98.4%
I
98.4%
I
98.4%
I
98.4%
I
98.4%
the
96.8%
a
96.8%
and
96.8%
the
96.8%
a
96.8%
and
96.8%
and
96.8%
the
96.8%
the
96.8%
and
96.8%
a
96.8%
and
96.8%
the
96.8%
the
96.8%
and
96.8%
the
96.8%
and
96.8%
96.8%
the
96.8%
a
96.8%
and
96.8%
and
96.8%
you
95.4%
you
95.4%
you
95.4%
you
95.4%
you
95.4%
you
95.4%
you
95.4%
you
95.4%
me
83.5%
me
83.5%
me
83.5%
me
83.5%
your
80.8%
your
80.8%
your
80.8%
your
80.8%
your
80.8%
your
80.8%
we
79.5%
we
79.5%
we
79.5%
we
79.5%
we
79.5%
we
79.5%
we
79.5%
to
78.4%
to
78.4%
to
78.4%
to
78.4%
to
78.4%
can
78.1%
can
78.1%
can
78.1%
can
78.1%
can
78.1%
can
78.1%
can
78.1%
can
78.1%
can
78.1%
can
78.1%
can
78.1%
can
78.1%
can
78.1%
can
78.1%
it
77.3%
it
77.3%
it
77.3%
it
77.3%
it
77.3%
it
77.3%
it
77.3%
do
76.2%
do
76.2%
that
75.4%
that
75.4%
that
75.4%
that
75.4%
that
75.4%
my
74.9%
my
74.9%
my
74.9%
my
74.9%
my
74.9%
my
74.9%
my
74.9%
you're
73.8%
% Correct
you're
73.8%
you're
73.8%
like
73.2%
like
73.2%
like
73.2%
like
73.2%
like
73.2%
like
73.2%
like
73.2%
in
73%
in
73%
in
73%
heart
70%
heart
70%
heart
70%
heart
70%
heart
70%
heart
70%
so
68.9%
so
68.9%
so
68.9%
so
68.9%
so
68.9%
no
68.4%
this
67.6%
this
67.6%
this
67.6%
this
67.6%
this
67.6%
this
67.6%
be
65.7%
her
65.1%
with
65.1%
her
65.1%
with
65.1%
with
65.1%
with
65.1%
with
65.1%
if
64.1%
if
64.1%
if
64.1%
all
63%
all
63%
all
63%
know
63%
all
63%
go
63%
know
63%
know
63%
go
63%
all
63%
all
63%
over
62.4%
over
62.4%
over
62.4%
over
62.4%
over
62.4%
it's
61.9%
she
61.6%
cause
60.5%
kiss
60.5%
kiss
60.5%
Said
60.3%
said
60.3%
said
60.3%
make
60%
make
60%
again
59.2%
again
59.2%
for
59.2%
for
59.2%
again
59.2%
never
58.6%
never
58.6%
never
58.6%
fit
58.4%
fit
58.4%
fit
58.4%
on
57.8%
i'd
57.6%
of
57.6%
are
56.5%
hands
56.2%
what
56.2%
tell
56.2%
tell
56.2%
then
55.7%
then
55.7%
broken
55.1%
broken
55.1%
want
55.1%
broken
55.1%
broken
55.1%
leave
54.9%
from
54.9%
from
54.9%
from
54.9%
start
54.6%
start
54.6%
start
54.6%
% Correct
start
54.6%
start
54.6%
tshirt
53.2%
we're
53.2%
will
52.7%
will
52.7%
words
52.2%
mend
52.2%
everything
52.2%
take
52.2%
mend
52.2%
everything
52.2%
now
51.9%
or
51.1%
or
51.1%
give
50.8%
give
50.8%
polo
49.5%
three
49.2%
tight
48.6%
tight
48.6%
hurt
47.8%
she's
47.8%
solo
47.8%
might
47.8%
might
47.8%
just
47.8%
hurt
47.8%
might
47.8%
might
47.8%
grip
47.3%
same
47.3%
same
47.3%
grip
47.3%
tied
46.8%
running
46.8%
miss
46.8%
miss
46.8%
tongue
46.5%
feet
46.2%
isn't
45.4%
pretending
45.1%
mind
45.1%
pretending
45.1%
say
44.9%
bodies
44.6%
joke
44.3%
thoughts
44.1%
two
43.8%
feeling
43.5%
middle
43.5%
lend
43.5%
parts
43.5%
lend
43.5%
parts
43.5%
days
43%
low
42.7%
since
42.7%
clothes
42.7%
cursed
42.4%
went
42.4%
hole
42.2%
British
42.2%
stop
41.9%
spirit
41.9%
fall
41.9%
see
41.9%
tears
41.6%
road
41.4%
down
41.4%
showers
41.1%
show
40.8%
minute
40.5%
you'll
40.5%
you'll
40.5%
intertwined
39.5%
how
39.5%
pain
38.6%
together
37%
apart
36.2%
but
34.6%
both
33.8%
remove
32.2%
Whether
31.1%
regret
30.5%
really
29.7%
our
29.5%
own
28.9%
masks
28.6%
admit
28.4%
she'll
27.3%
alone
25.7%
still
23.5%
letting
22.2%
weakness
21.9%
guess
17.8%
boy
5.1%
lipds
2.7%

You're not logged in!

Compare scores with friends on all Sporcle quizzes.
Join for Free
OR
Log In

You Might Also Like...

Show Comments

Extras

Created Dec 29, 2012ReportNominate
Tags:direction, One Direction

Top Quizzes Today


Score Distribution

Your Account Isn't Verified!

In order to create a playlist on Sporcle, you need to verify the email address you used during registration. Go to your Sporcle Settings to finish the process.

Report this User

Report this user for behavior that violates our Community Guidelines.

Details: